Logo biblioteca
Santa Fe 2917, Rosario, Santa Fe
Lu-Vi 8 a 19.45
+54-341-4232362
bibliotecaeudoro@gmail.com
Facebook Biblioteca Pedagógica
Sitio web

Entre la pedagogía y la informática : (Registro nro. 32477)

Detalles MARC
000 -CABECERA
campo fijo de control de longitud 01446nab a2200265 4500
003 - IDENTIFICADOR DEL NÚMERO DE CONTROL
campo de control AR-RoBPED
005 - FECHA Y HORADE LA ULTIMA TRANSACCION
campo de control 20260330113223.0
008 - ELEMENTOS DE LONGITUD FIJA--INFORMACION GENERAL
campo fijo de control de longitud 260330b |||||||| |||| 00| 0 spa d
040 ## - FUENTE CATALOGADORA
Centro catalogador/agencia de origen AR-RoBPED
041 ## - IDIOMA
Código de idioma para texto/pista de sonido o título independiente spa
100 1# - ENCABEZAMIENTO PRINCIPAL--AUTOR PERSONAL
Nombre de persona Piñeiro, Yenny
9 (RLIN) 22218
Función Magíster en Ciencias Antropológicas
245 1# - TITULO
Título Entre la pedagogía y la informática :
Subtítulo problemáticas actuales de la filosofía /
260 ## - PUBLICACION
Lugar Buenos Aires :
Editor Noveduc,
Fecha 2025
300 ## - DESCRIPCION FISICA
Extensión 40-45 p.
500 ## - NOTA GENERAL
Nota general Desde la intersección entre la Filosofía de la Educación y la Filosofía de las Ciencias de la Computación, este artículo propone analizar brevemente la relación de desigualdad-que se encuentra "naturalizada"- entre el ordenador y el usuario, bajo el discurso de la democratización del conocimiento en la era de internet, a partir de la propuesta del programa One Laptop per child ("Una laptop por niño), fundamentada en el planteo de Michel Fullan, On behalf of the global partnership.
650 #7 - TERMINO DE MATERIA--CONTROLADO
Término controlado PEDAGOGIA
9 (RLIN) 256
Término controlado EDUCACION INCLUSIVA
9 (RLIN) 21996
Término controlado INFORMATICA
9 (RLIN) 1233
Término controlado FILOSOFIA DE LA EDUCACION
9 (RLIN) 1080
Término controlado COMPUTACION
9 (RLIN) 2787
700 1# - ENCABEZAMIENTO SECUNDARIO--AUTOR PERSONAL
Nombre de persona Salazar Leiva, José Luis
9 (RLIN) 30668
Función Profesor de Filosofía
773 0# - DOCUMENTO FUENTE
Host Biblionumber 20414
Host Itemnumber 41863
Place, publisher, and date of publication Buenos Aires : Noveduc, 1993-
Título Novedades Educativas
Record control number (AR-RoBPED)20414
International Standard Serial Number 03283534
942 ## - ELEMENTOS KOHA
Fuente de clasificación Universal Decimal Classification
Koha tipo de ítem Revistas
Clasificación 37(05)
Signatura librística Nov 86 N° 403 (Ago.2025)
Número Koha k.32477
945 ## - PROCESAMIENTO DE LA INFORMACIÓN LOCAL
Catalogador y fecha mar 03/2026

No hay ítems disponibles.